| 000 -LEADER |
| fixed length control field |
00654pam a2200217 a 4500 |
| 020 ## - INTERNATIONAL STANDARD BOOK NUMBER |
| ISBN |
0767405218 (pbk.) |
| 040 ## - CATALOGING SOURCE |
| Transcribing agency |
DLC |
| 082 00 - DEWEY DECIMAL CLASSIFICATION NUMBER |
| Classification number |
305 MAY 1999 A065 Or. |
| 245 00 - TITLE STATEMENT |
| Title |
Gender, culture, and ethnicity : |
| Remainder of title |
current research about women and men / |
| 260 ## - PUBLICATION, DISTRIBUTION, ETC. (IMPRINT) |
| Place of publication |
Mountain View, Calif. : |
| Name of publisher |
Mayfield Pub. Co., |
| Year of publication |
c1999. |
| 300 ## - PHYSICAL DESCRIPTION |
| Number of Pages |
xii, 363 p. ; |
| Dimensions |
24 cm. |
| 650 #0 - SUBJECT ADDED ENTRY--TOPICAL TERM |
| Topical Term |
Women |
| 650 #0 - SUBJECT ADDED ENTRY--TOPICAL TERM |
| Topical Term |
Women |
| 650 #0 - SUBJECT ADDED ENTRY--TOPICAL TERM |
| Topical Term |
Men |
| 650 #0 - SUBJECT ADDED ENTRY--TOPICAL TERM |
| Topical Term |
Sex role |
| 650 #0 - SUBJECT ADDED ENTRY--TOPICAL TERM |
| Topical Term |
Ethnicity |
| 700 1# - ADDED ENTRY--PERSONAL NAME |
| Personal name |
Peplau, Letitia Anne. |
| 856 42 - ELECTRONIC LOCATION AND ACCESS |
| Uniform Resource Identifier |
http://www.loc.gov/catdir/description/mh024/98019788.html |
| 856 41 - ELECTRONIC LOCATION AND ACCESS |
| Uniform Resource Identifier |
http://www.loc.gov/catdir/toc/mh023/98019788.html |
| 942 ## - ADDED ENTRY ELEMENTS (KOHA) |
| Koha item type |
សៀវភៅភាសាអង់គ្លេស |
| 952 ## - LOCATION AND ITEM INFORMATION (KOHA) |
| Withdrawn status [LOCAL, KOHA] |
0 |